000 00494nam a2200193 a 4500
001 1769940913094
003 YourLibrary
005 20260201163841.0
008 260201s1998##################000#0#eng##
020 _a9780805741056
082 0 4 _a305.230
_bMAC
100 1 _aMacleod, David I.,
_eauthor.
245 1 0 _aThe Age of the Child :
260 _bTwayne Publishers,
_c1998.
300 _a260 pages
650 0 _aHistory.
942 _cENGLISH
040 _aYourLibrary
_beng
_cYourLibrary
999 _c609807
_d609807